|
|
|
|
| LEADER |
00000naa2a2200000 4500 |
| 001 |
386324 |
| 005 |
20231101063450.0 |
| 035 |
|
|
|a (RuTPU)RU\TPU\prd\14996
|
| 090 |
|
|
|a 386324
|
| 100 |
|
|
|a 20030610a2003 k y0rusy50 ca
|
| 101 |
0 |
|
|a rus
|
| 102 |
|
|
|a RU
|
| 200 |
1 |
|
|a О путях реформы в жилищно-коммунальном хозяйстве
|f В. И. Ливчак
|
| 225 |
1 |
|
|a Энергосбережение в Москве
|
| 461 |
|
1 |
|0 (RuTPU)RU\TPU\prd\913
|x 1609-7505
|t Энергосбережение
|o специализированный журнал
|f Ассоциация инженеров по отоплению, вентиляции, кондиционированию воздуха, теплоснабжению и строительной теплофизике (АВОК), ООО ИИП "АВОК-ПРЕСС"
|d 2000-
|
| 463 |
|
1 |
|0 (RuTPU)RU\TPU\prd\11501
|t № 1
|v С. 8-9
|d 2003
|
| 610 |
1 |
|
|a реформы
|
| 610 |
1 |
|
|a жилищно-коммунальное хозяйство
|
| 610 |
1 |
|
|a жилые здания
|
| 610 |
1 |
|
|a эксплуатация
|
| 700 |
|
1 |
|a Ливчак
|b В. И.
|
| 801 |
|
1 |
|a RU
|b 63413507
|c 20030610
|g PSBO
|
| 801 |
|
2 |
|a RU
|b 63413507
|c 20120417
|g RCR
|
| 942 |
|
|
|c BK
|